|
|
|
|
| LEADER |
00000caa a22000002c 4500 |
| 001 |
1633449998 |
| 003 |
DE-627 |
| 005 |
20220607141025.0 |
| 007 |
tu |
| 008 |
131028s1988 xx ||||| 00| ||eng c |
| 035 |
|
|
|a (DE-627)1633449998
|
| 035 |
|
|
|a (DE-576)39478930X
|
| 035 |
|
|
|a (DE-599)BSZ39478930X
|
| 040 |
|
|
|a DE-627
|b ger
|c DE-627
|e rakwb
|
| 041 |
|
|
|a eng
|
| 100 |
1 |
|
|a Becker, M. E.
|4 aut
|
| 245 |
1 |
0 |
|a Racism and legal doctrine
|c M. E. Becker
|
| 264 |
|
1 |
|c 1988
|
| 336 |
|
|
|a Text
|b txt
|2 rdacontent
|
| 337 |
|
|
|a ohne Hilfsmittel zu benutzen
|b n
|2 rdamedia
|
| 338 |
|
|
|a Band
|b nc
|2 rdacarrier
|
| 773 |
0 |
8 |
|i In
|t Texas law review
|d Austin, Tex., 1922
|g 67(1988), 2, Seite 417-429
|w (DE-627)168203146
|w (DE-600)702462-9
|w (DE-576)015945243
|x 0040-4411
|7 nnas
|
| 773 |
1 |
8 |
|g volume:67
|g year:1988
|g number:2
|g pages:417-429
|
| 951 |
|
|
|a AR
|
| ELC |
|
|
|b 1
|
| LOK |
|
|
|0 000 xxxxxcx a22 zn 4500
|
| LOK |
|
|
|0 001 3287057839
|
| LOK |
|
|
|0 003 DE-627
|
| LOK |
|
|
|0 004 1633449998
|
| LOK |
|
|
|0 005 20260227120411
|
| LOK |
|
|
|0 008 131028||||||||||||||||ger|||||||
|
| LOK |
|
|
|0 040
|a DE-21-110
|c DE-627
|d DE-21-110
|
| LOK |
|
|
|0 689
|a s
|a Rassismus
|
| LOK |
|
|
|0 852
|z Kein Bestand am IfK; Nachweis für KrimDok
|
| LOK |
|
|
|0 852
|a DE-21-110
|
| LOK |
|
|
|0 852 1
|m v
|9 00
|
| LOK |
|
|
|0 935
|a k110
|
| LOK |
|
|
|0 938
|k v
|
| LOK |
|
|
|0 939
|a 28-10-13
|b l01
|
| ORI |
|
|
|a WA-MARC-krimdoka001.raw
|